आज़ादी के बाद का भारत: (Record no. 48438)

MARC details
000 -LEADER
fixed length control field 01147nam a22002657a 4500
005 - DATE AND TIME OF LATEST TRANSACTION
control field 20190404164820.0
008 - FIXED-LENGTH DATA ELEMENTS--GENERAL INFORMATION
fixed length control field 101019t xxu||||| |||| 00| 0 hin d
010 ## - LCCN (DPL NO)
LC control number B-380840
020 ## - INTERNATIONAL STANDARD BOOK NUMBER
International Standard Book Number 9789380172071
Terms of availability 200.00
035 ## - SYSTEM CONTROL NUMBER
System control number B-380840, B-000726
037 ## - SOURCE OF ACQUISITION
Source of stock number/acquisition UBH / BL-4
040 ## - CATALOGING SOURCE
Original cataloging agency DPL
082 ## - DEWEY DECIMAL CLASSIFICATION NUMBER
Classification number 954
100 ## - MAIN ENTRY--PERSONAL NAME
Personal name चंद्र, बिपिन
9 (RLIN) 23663
245 ## - TITLE STATEMENT
Title आज़ादी के बाद का भारत:
Remainder of title 1947-2007 /
Statement of responsibility, etc बिपिन चंद्र
246 ## - VARYING FORM OF TITLE
Title proper/short title Aazadi ke bad ka bharat
Remainder of title by Bipin Chandra
250 ## - EDITION STATEMENT
Edition statement 4था संस्क.
260 ## - PUBLICATION, DISTRIBUTION, ETC. (IMPRINT)
Place of publication, distribution, etc दिल्ली
Name of publisher, distributor, etc हिन्दी माध्यम कार्यान्वय निदेशालय
Date of publication, distribution, etc 2009
270 ## - ADDRESS
Address दिल्ली विश्वविद्यालय, 10 केवेलरी लेन
City दिल्ली
Postal code 110007
300 ## - PHYSICAL DESCRIPTION
Extent 771पृ.
Dimensions 22सेमी (अजिल्द)
700 ## - ADDED ENTRY--PERSONAL NAME
Personal name मुखर्जी, मृदुला
9 (RLIN) 23664
700 ## - ADDED ENTRY--PERSONAL NAME
Personal name मुखर्जी, आदित्य
9 (RLIN) 23665
942 ## - ADDED ENTRY ELEMENTS (KOHA)
Source of classification or shelving scheme Dewey Decimal Classification
Item type Hindi Books
Classification part 954
Call number suffix चंद्रबि
Holdings
Withdrawn status Lost status Source of classification or shelving scheme Damaged status Not for loan Collection code Home library Current library Date acquired Source of acquisition Cost, normal purchase price Total Checkouts Total Renewals Full call number Barcode Date last seen Copy number Cost, replacement price Koha item type
    Dewey Decimal Classification     Non-fiction Shahdara Branch Shahdara Branch 19/10/2010 UBH / BL-4 200.00 7 4 954 चंद्रबि B-380840 19/06/2023 1 200.00 Hindi Books
    Dewey Decimal Classification     Non-fiction Shahdara Branch Shahdara Branch 04/04/2019 BPPD/PUB 400.00 1 1 954 चंद्रबि B-000726 02/05/2019   400.00 Hindi Books

© Delhi Public Library
Hit Counter
free hit counter